Medzináboženský dialóg v Ruskej federácii: Ruská pravoslávna cirkev a islam

Medzináboženský dialóg medzi Ruskou pravoslávnou cirkvou a vybranými islamskými náboženskými inštitúciami v Ruskej federácii a možnosti a limity ich spolupráce.

Salvato in:
Dettagli Bibliografici
Autore principale: Rozkošová, Zuzana, 1995-
Natura: Capitolo di libro
Lingua:slovacco
Soggetti:
Tags: Aggiungi Tag
Nessun Tag, puoi essere il primo ad aggiungerne!!

MARC

LEADER 00000naa$a2200000$$$4500
001 0281450
005 20240502074401.1
041 0 |a slo 
044 |a SK 
245 1 0 |a Medzináboženský dialóg v Ruskej federácii: Ruská pravoslávna cirkev a islam  |c Zuzana Rozkošová 
520 |a Medzináboženský dialóg medzi Ruskou pravoslávnou cirkvou a vybranými islamskými náboženskými inštitúciami v Ruskej federácii a možnosti a limity ich spolupráce. 
610 2 0 |a Rusko 
610 2 0 |a cirkev 
610 2 0 |a náboženstvo 
610 2 0 |a islam 
610 2 0 |a komunikácia interkultúrna 
100 1 |a Rozkošová, Zuzana, 1995-